000 00508nam a22001697a 4500
005 20251108173119.0
008 250721s2004 xx 000 0 ara d
082 1 4 _a635.5/حسي
100 1 _aالحسيني، محمد
245 1 0 _aتربية الدجاج و إنتاج العلف /
264 1 _aالقاهرة :
_bمكتبة ابن سينا،
_c2004.
300 _a111ص
650 1 7 _aتربية الطيور الداجنة
650 1 7 _aعلف الحيوان
942 _2ddc
_cBK
999 _c96380
_d96380